Specifications and construction methods for asphalt curbs and gutters/ (Record no. 548045)

000 -LEADER
fixed length control field 00433nam a22001457a 4500
082 ## - DEWEY DECIMAL CLASSIFICATION NUMBER
Classification number 625.885
Author Mark SPE
100 ## - MAIN ENTRY--PERSONAL NAME
Personal name The Asphalt Institute,
9 (RLIN) 20237
245 ## - TITLE STATEMENT
Title Specifications and construction methods for asphalt curbs and gutters/
250 ## - EDITION STATEMENT
Edition statement 3rd ed.
260 ## - PUBLICATION, DISTRIBUTION, ETC.
Place of publication, distribution, etc. Maryland:
Name of publisher, distributor, etc. The Asphalt Institute,
Date of publication, distribution, etc. c1996
300 ## - PHYSICAL DESCRIPTION
Extent 20p,;
Other physical details ill,:
Dimensions 16cm
526 ## - STUDY PROGRAM INFORMATION NOTE
Program name 0
Interest level 0
Reading level 0
Title point value 625_885000000000000_SPE
650 ## - SUBJECT ADDED ENTRY--TOPICAL TERM
Topical term or geographic name entry element MCE
9 (RLIN) 379
942 ## - ADDED ENTRY ELEMENTS (KOHA)
Source of classification or shelving scheme
Koha item type Book
Holdings
Withdrawn status Lost status Source of classification or shelving scheme Damaged status Not for loan Permanent Location Current Location Date acquired Total Checkouts Full call number Barcode Date last seen Price effective from Koha item type
          Military College of Engineering (MCE) Military College of Engineering (MCE) 08/19/2014   625.885 SPE MCE-42573 08/19/2014 08/19/2014 Book
© 2023 Central Library, National University of Sciences and Technology. All Rights Reserved.